USA/Canadian Subdivisions jbro has been to by Flag Maps - Statistics

General Stats
  • This quiz has been taken 34 times
    13 since last reset
  • The average score is 25 of 31
Answer Stats
Picture Answer % Correct
Arizona
100%
California
91%
Colorado
91%
Kansas
91%
Connecticut
82%
Delaware
82%
Florida
82%
Illinois
82%
Iowa
82%
Maine
82%
Maryland
82%
Massachusetts
82%
Nevada
82%
New Hampshire
82%
New Jersey
82%
New Mexico
82%
New York
82%
North Carolina
82%
Ohio
82%
Quebec
82%
Virginia
82%
Wisconsin
82%
Indiana
73%
Minnesota
73%
Missouri
73%
Ontario
73%
Pennsylvania
73%
South Carolina
73%
South Dakota
73%
Utah
73%
Washington D.C.
73%
No matching quizzes found
Score Distribution
Percent of People with Each Score
Percentile by Number Answered
Your Score History
You have not taken this quiz since the last reset